| 000 | 00818nam a2200265 a 4500 | ||
|---|---|---|---|
| 001 | 36647 | ||
| 003 | UkOxU | ||
| 005 | 20211209052520.0 | ||
| 008 | 140805s1996 enk b 001 0 eng d | ||
| 020 | _a0521551366 | ||
| 020 | _a0521558980 (pbk.) | ||
| 020 | _a0521565413 (lowprice paperback) | ||
| 035 | _a (BD-RjUL)36748 | ||
| 040 |
_aBD-RjUL _c BD-RjUL |
||
| 082 |
_a808.0665 _219 _bDAH 1996 |
||
| 100 | 1 |
_aDay, Robert A., _d1924- _9111733 |
|
| 245 | 1 | 0 |
_aHow to write & publish a scientific paper / _cRobert A. Day |
| 250 | _a4th ed | ||
| 260 |
_aCambridge : _bCambridge University Press, _c1996 |
||
| 300 |
_axiv, 223 p. : _bill. ; _c23 cm |
||
| 504 | _aIncludes bibliography and index. | ||
| 650 | 0 |
_aTechnical writing _9111734 |
|
| 740 | 0 | _aHow to write and publish a scientific paper | |
| 942 |
_2ddc _cBK |
||
| 999 |
_c36647 _d36647 |
||